[Event "4NCL/Div1/HKF1 vs. GUI1"]
[Site "Birmingham ENG"]
[Date "2005.10.23"]
[Round "2.7"]
[White "Houska, Jovanka"]
[Black "Collas, Didier"]
[Result "0-1"]
[WhiteElo "2351"]
[BlackElo "2439"]
[PlyCount "70"]
[EventDate "2005.10.23"]
[SourceDate "2005.10.25"]

1. e4 c5 2. Nc3 e6 3. Nf3 a6 4. d4 cxd4 5. Nxd4 b5 6. Bd3 Bb7 7. O-O Nc6 8. Be3
Qc7 9. Kh1 Nf6 10. Nb3 Ne5 11. f3 Be7 12. a4 b4 13. Ne2 d5 14. Ng3 dxe4 15.
Nxe4 Nxe4 16. Bxe4 Bxe4 17. fxe4 Nc4 18. Bf4 e5 19. Bc1 O-O 20. Qg4 Rfd8 21.
Qf3 Bf8 22. c3 Rab8 23. Rb1 f6 24. cxb4 Rxb4 25. Na1 Nd6 26. Bd2 Rxa4 27. b4
Ra2 28. Rfc1 Qb7 29. Nb3 Qxe4 30. Qf1 Nf5 31. Rd1 Nh4 32. Re1 Qd3 33. Re2 Bxb4
34. Bxb4 Qxe2 35. Qxe2 Rxe2 0-1

[Event "4NCL/Div1/HKF1 vs. GUI1"]
[Site "Birmingham ENG"]
[Date "2005.10.23"]
[Round "2.8"]
[White "Collas, Silvia"]
[Black "Cooper, Lawrence"]
[Result "0-1"]
[WhiteElo "2373"]
[BlackElo "2303"]
[PlyCount "68"]
[EventDate "2005.10.23"]
[SourceDate "2005.10.25"]

1. Nf3 d5 2. d4 Nf6 3. c4 c6 4. Nc3 a6 5. c5 g6 6. Bf4 Bg7 7. e3 Bg4 8. Qb3 Ra7
9. Ne5 Nbd7 10. h3 Be6 11. Nd3 Bf5 12. Ne5 O-O 13. g4 Be6 14. Nd3 Ne4 15. Qc2
f6 16. Na4 Bf7 17. h4 g5 18. hxg5 fxg5 19. Bh2 Bg6 20. Qd1 e5 21. f3 exd4 22.
fxe4 Bxe4 23. Rg1 dxe3 24. Bg2 Bxd3 25. Qxd3 Qa5+ 26. Nc3 Nxc5 27. Qxe3 d4 28.
Qe2 dxc3 29. Qc4+ Kh8 30. O-O-O cxb2+ 31. Kb1 Na4 32. Rd7 b5 33. Qxc6 Nc3+ 34.
Kxb2 Rf2+ 0-1

[Event "4NCL/Div1/BAR1 vs. NWE1"]
[Site "Birmingham ENG"]
[Date "2005.10.23"]
[Round "2.1"]
[White "Parker, Jonathan"]
[Black "Morrison, Graham"]
[Result "1/2-1/2"]
[WhiteElo "2515"]
[BlackElo "2326"]
[PlyCount "83"]
[EventDate "2005.10.23"]
[SourceDate "2005.10.25"]

1. d4 Nf6 2. c4 e6 3. Nc3 Bb4 4. e3 c5 5. Bd3 Nc6 6. Nge2 cxd4 7. exd4 d5 8.
cxd5 Nxd5 9. O-O O-O 10. Bc2 Bd6 11. Ne4 Be7 12. a3 b6 13. Qd3 g6 14. Bh6 Re8
15. Rad1 Bb7 16. Bb3 Rc8 17. Rfe1 Rc7 18. N2c3 Na5 19. Ba2 Qd7 20. b4 Nxc3 21.
Nxc3 Rec8 22. d5 Rxc3 23. Qd4 f6 24. d6 Nb3 25. Bxb3 Rxb3 26. dxe7 Qxe7 27. Qd7
Qxd7 28. Rxd7 Bd5 29. Rg7+ Kh8 30. Rxa7 Rbc3 31. Bg7+ Kg8 32. h4 R3c7 33. Rxc7
Rxc7 34. Bxf6 b5 35. Bd4 Rc4 36. Rd1 Kf7 37. Kh2 Ke7 38. Kg3 Kd6 39. f3 e5 40.
Bc5+ Ke6 41. Re1 Kf5 42. Rd1 1/2-1/2

[Event "4NCL/Div1/BAR1 vs. NWE1"]
[Site "Birmingham ENG"]
[Date "2005.10.23"]
[Round "2.2"]
[White "Littlewood, John E"]
[Black "Kelly, Brian"]
[Result "1-0"]
[WhiteElo "2275"]
[BlackElo "2496"]
[PlyCount "71"]
[EventDate "2005.10.23"]
[SourceDate "2005.10.25"]

1. e4 e6 2. Qe2 c5 3. g3 Nc6 4. Nf3 g6 5. Bg2 Bg7 6. O-O Nge7 7. d3 d6 8. Nbd2
Rb8 9. a4 a6 10. h4 h6 11. Nb3 b5 12. axb5 axb5 13. e5 Nxe5 14. Nxe5 Bxe5 15.
Nxc5 Qb6 16. Ne4 Nf5 17. Kh2 O-O 18. c3 b4 19. d4 Bg7 20. h5 Kh7 21. Bh1 Bd7
22. Rd1 Qc7 23. hxg6+ fxg6 24. Bf4 bxc3 25. bxc3 Rf7 26. Rdb1 Rxb1 27. Rxb1 e5
28. dxe5 dxe5 29. Be3 Bc6 30. Bb6 Qe7 31. Bc5 Qc7 32. Bb6 Qe7 33. Qa2 Bd7 34.
Bc5 Qe6 35. Ng5+ hxg5 36. Bd5 1-0

[Event "4NCL/Div1/BAR1 vs. NWE1"]
[Site "Birmingham ENG"]
[Date "2005.10.23"]
[Round "2.3"]
[White "Collins, Sam"]
[Black "Kennaugh, Charles W"]
[Result "1-0"]
[WhiteElo "2408"]
[BlackElo "2274"]
[PlyCount "53"]
[EventDate "2005.10.23"]
[SourceDate "2005.10.25"]

1. Nf3 d5 2. d4 c6 3. c4 e6 4. Bg5 Qa5+ 5. Bd2 Qc7 6. Qc2 Nf6 7. g3 b6 8. Bg2
Ba6 9. b3 Nbd7 10. O-O Rc8 11. a4 Bd6 12. a5 Qb7 13. axb6 axb6 14. Nc3 O-O 15.
e4 dxc4 16. e5 cxb3 17. Qxb3 Bxf1 18. Rxf1 Be7 19. exf6 Nxf6 20. Re1 Nd5 21.
Ne5 Rfd8 22. Bh3 Ra8 23. Nxf7 Kxf7 24. Bxe6+ Kf8 25. Nxd5 Ra3 26. Qb1 Rxd5 27.
Qxh7 1-0

[Event "4NCL/Div1/BAR1 vs. NWE1"]
[Site "Birmingham ENG"]
[Date "2005.10.23"]
[Round "2.4"]
[White "Hague, Ben"]
[Black "Cox, John J"]
[Result "1/2-1/2"]
[WhiteElo "2300"]
[BlackElo "2384"]
[PlyCount "113"]
[EventDate "2005.10.23"]
[SourceDate "2005.10.25"]

1. e4 Nf6 2. e5 Nd5 3. d4 d6 4. Nf3 dxe5 5. Nxe5 c6 6. Be2 Bf5 7. O-O Nd7 8.
Ng4 e6 9. c4 N5f6 10. Ne3 Bg6 11. d5 Qc7 12. Nc3 Bd6 13. h3 O-O 14. dxc6 bxc6
15. Bd3 Rfd8 16. Bxg6 hxg6 17. Qc2 Bh2+ 18. Kh1 Be5 19. Bd2 Nc5 20. Rad1 Rd7
21. Bc1 Rad8 22. Rxd7 Rxd7 23. Rd1 Qd8 24. Rxd7 Qxd7 25. Ned1 Bd4 26. Be3 e5
27. b4 Bxe3 28. Nxe3 Nd3 29. b5 cxb5 30. cxb5 Qd4 31. Kg1 e4 32. a4 Qb4 33.
Ned1 g5 34. Qa2 g4 35. hxg4 Nxg4 36. Qd5 Ndxf2 37. Nxf2 Nxf2 38. Kxf2 Qxc3 39.
Qxe4 Qc5+ 40. Ke2 f5 41. Qc6 Qe5+ 42. Kd3 Qg3+ 43. Kc4 Qf4+ 44. Kb3 Qg3+ 45.
Qf3 Qe5 46. Qc3 Qe8 47. Qc5 Qd7 48. Kc4 Kh7 49. a5 Qe6+ 50. Qd5 Qe2+ 51. Kc5
Qe3+ 52. Kc6 Qc3+ 53. Kb7 Qxa5 54. Qxf5+ g6 55. Qd7+ Kh6 56. Qc6 Qa3 57. Qd5
1/2-1/2

[Event "4NCL/Div1/BAR1 vs. NWE1"]
[Site "Birmingham ENG"]
[Date "2005.10.23"]
[Round "2.5"]
[White "Ferguson, Mark"]
[Black "Lyell, Mark"]
[Result "1-0"]
[WhiteElo "2392"]
[BlackElo "2203"]
[PlyCount "55"]
[EventDate "2005.10.23"]
[SourceDate "2005.10.25"]

1. e4 Nc6 2. Nf3 e5 3. Bb5 f5 4. Nc3 fxe4 5. Nxe4 Nf6 6. Nxf6+ Qxf6 7. Qe2 Be7
8. Bxc6 dxc6 9. Nxe5 Bf5 10. O-O O-O 11. d4 Bd6 12. f4 Bxe5 13. dxe5 Qg6 14.
Rf2 h5 15. Kh1 Be4 16. Be3 h4 17. h3 Qg3 18. Re1 Bd5 19. c4 Be6 20. b3 Bf5 21.
Bc5 Rfd8 22. Rf3 Qg6 23. Be7 Rd4 24. Bxh4 Re8 25. Rg3 Qe6 26. Bf6 Rxf4 27.
Rxg7+ Kf8 28. Qh5 1-0

[Event "4NCL/Div1/BAR1 vs. NWE1"]
[Site "Birmingham ENG"]
[Date "2005.10.23"]
[Round "2.6"]
[White "Lund, D Brett"]
[Black "Webster, Andrew"]
[Result "1-0"]
[WhiteElo "2231"]
[BlackElo "2411"]
[PlyCount "91"]
[EventDate "2005.10.23"]
[SourceDate "2005.10.25"]

1. g3 d5 2. f4 g6 3. Bg2 Bg7 4. Nf3 Nd7 5. Nc3 c6 6. e4 dxe4 7. Nxe4 Ndf6 8.
Neg5 h6 9. Nh3 Bg4 10. Nf2 Bxf3 11. Qxf3 e6 12. O-O a5 13. c3 h5 14. d4 Nh6 15.
Nd3 h4 16. Ne5 hxg3 17. hxg3 Nf5 18. Be3 Nxe3 19. Qxe3 Nd5 20. Qe2 Qd6 21. Rad1
Rd8 22. Rfe1 O-O 23. Qf2 a4 24. a3 Ra8 25. g4 Rac8 26. Rd3 Rfd8 27. Red1 b5 28.
R3d2 g5 29. Bxd5 cxd5 30. Rf1 Rf8 31. Re2 gxf4 32. Qxf4 f6 33. Nd3 Qd7 34. Nc5
Rxc5 35. dxc5 e5 36. Qf3 Qc6 37. Qf2 Qc8 38. Qf5 Qxc5+ 39. Kg2 Qc4 40. Rd2 Rf7
41. g5 Qc6 42. Kg3 b4 43. cxb4 Rc7 44. Rff2 Qd6 45. Rc2 e4+ 46. Kg2 1-0

[Event "4NCL/Div1/BAR1 vs. NWE1"]
[Site "Birmingham ENG"]
[Date "2005.10.23"]
[Round "2.7"]
[White "Knott, Simon"]
[Black "Hulmes, David I"]
[Result "1-0"]
[WhiteElo "2378"]
[BlackElo "2206"]
[PlyCount "97"]
[EventDate "2005.10.23"]
[SourceDate "2005.10.25"]

1. Nf3 d5 2. d4 Nf6 3. c4 e6 4. Nc3 Be7 5. Bg5 h6 6. Bh4 O-O 7. e3 b6 8. Be2
Bb7 9. Bxf6 Bxf6 10. cxd5 exd5 11. O-O Re8 12. b4 c6 13. Rc1 Nd7 14. Qb3 a5 15.
b5 c5 16. Nxd5 Bxd4 17. Bc4 Ne5 18. Nxe5 Bxe5 19. Rcd1 Rc8 20. Rfe1 Bb8 21. e4
Qd6 22. g3 Rcd8 23. f4 Bxd5 24. Bxd5 Qe7 25. e5 Bc7 26. Kf2 Rf8 27. e6 f5 28.
h4 Kh8 29. Qc4 Rf6 30. Bf3 Rxd1 31. Bxd1 Rf8 32. Bc2 Rd8 33. Rd1 Rxd1 34. Bxd1
Qd6 35. Bb3 Qe7 36. Qd5 g6 37. h5 Kg7 38. hxg6 Kxg6 39. Bc2 Qf6 40. Bxf5+ Kg7
41. Qd7+ Kf8 42. Qxc7 Qxf5 43. Qd8+ Kg7 44. e7 Qc2+ 45. Kf3 Qc3+ 46. Kg4 h5+
47. Kxh5 Qf3+ 48. Kh4 Qh1+ 49. Kg4 1-0

[Event "4NCL/Div1/BAR1 vs. NWE1"]
[Site "Birmingham ENG"]
[Date "2005.10.23"]
[Round "2.8"]
[White "Milligan, Helen"]
[Black "Bhatia, Kanwal K"]
[Result "0-1"]
[WhiteElo "2045"]
[BlackElo "2091"]
[PlyCount "54"]
[EventDate "2005.10.23"]
[SourceDate "2005.10.25"]

1. e4 e5 2. Nf3 Nc6 3. d4 exd4 4. Nxd4 Bc5 5. Nxc6 Qf6 6. Qd2 dxc6 7. Nc3 Bd4
8. Bc4 Ne7 9. O-O O-O 10. Nd1 Ng6 11. c3 Bb6 12. Qg5 Qd6 13. Be3 Be6 14. Bxe6
Qxe6 15. f3 f5 16. Bxb6 axb6 17. Re1 f4 18. Qg4 Qe7 19. Nf2 Ne5 20. Qh3 Kh8 21.
Red1 Qc5 22. Qe6 Rf6 23. Qb3 Rg6 24. Kf1 Nc4 25. Rd3 Ne3+ 26. Rxe3 fxe3 27. Nd3
e2+ 0-1

[Event "4NCL/Div1/WGR2 vs. WGR1"]
[Site "Birmingham ENG"]
[Date "2005.10.23"]
[Round "2.1"]
[White "Levitt, Jonathan P"]
[Black "Shirov, Alexei"]
[Result "0-1"]
[WhiteElo "2448"]
[BlackElo "2710"]
[PlyCount "92"]
[EventDate "2005.10.23"]
[SourceDate "2005.10.25"]

1. d4 Nf6 2. c4 g6 3. Nc3 d5 4. Bf4 Bg7 5. e3 c5 6. dxc5 Qa5 7. Rc1 dxc4 8.
Bxc4 O-O 9. Nf3 Qxc5 10. Bb3 Nc6 11. O-O Qa5 12. h3 Bf5 13. Qe2 Ne4 14. Nd5 e5
15. Rxc6 bxc6 16. Ne7+ Kh8 17. Nxc6 Qb6 18. Ncxe5 Be6 19. Bxe6 Qxe6 20. Qc2 f5
21. b3 g5 22. Bh2 Rac8 23. Nc4 g4 24. hxg4 fxg4 25. Nfd2 Nc3 26. Nb1 Qf5 27.
Qxf5 Ne2+ 28. Kh1 Rxf5 29. Nbd2 Rcf8 30. f3 g3 31. Re1 Rh5 32. Nf1 Rd8 33. Nxg3
Nxg3+ 34. Kg1 Ne2+ 35. Rxe2 Rd1+ 36. Kf2 Rxh2 37. e4 Bd4+ 38. Kg3 Rhh1 39. Kf4
Kg7 40. e5 Rhe1 41. Rxe1 Rxe1 42. Kf5 Re2 43. g4 Rxa2 44. f4 Rg2 45. g5 Rg3 46.
b4 Rb3 0-1

[Event "4NCL/Div1/WGR2 vs. WGR1"]
[Site "Birmingham ENG"]
[Date "2005.10.23"]
[Round "2.5"]
[White "Sowray, Peter J"]
[Black "Gormally, Daniel W"]
[Result "1-0"]
[WhiteElo "2352"]
[BlackElo "2566"]
[PlyCount "59"]
[EventDate "2005.10.23"]
[SourceDate "2005.10.25"]

1. e4 c5 2. c3 Nf6 3. e5 Nd5 4. d4 cxd4 5. Nf3 Nc6 6. cxd4 d6 7. Bc4 Nb6 8. Bb3
dxe5 9. d5 Na5 10. Nc3 Nxb3 11. Qxb3 f6 12. Be3 g6 13. O-O Bg7 14. Bc5 Bd7 15.
a4 Rc8 16. Qb4 Rb8 17. d6 e6 18. a5 Nc8 19. a6 b6 20. Rfd1 O-O 21. Be3 Rf7 22.
Rd2 Bc6 23. Rad1 Qd7 24. Ne1 Bf8 25. Nc2 Bd5 26. Nxd5 exd5 27. Rxd5 Qc6 28. Na3
b5 29. Rxb5 Bxd6 {(=)} 30. Rxd6 1-0

[Event "4NCL/Div1/WGR2 vs. WGR1"]
[Site "Birmingham ENG"]
[Date "2005.10.23"]
[Round "2.6"]
[White "Baburin, Alexander"]
[Black "Littlewood, Paul E"]
[Result "1-0"]
[WhiteElo "2511"]
[BlackElo "2366"]
[PlyCount "79"]
[EventDate "2005.10.23"]
[SourceDate "2005.10.25"]

1. d4 Nf6 2. c4 g6 3. Nf3 Bg7 4. g3 O-O 5. Bg2 d6 6. O-O c6 7. Nc3 a6 8. e4 b5
9. e5 Ne8 10. cxb5 axb5 11. Bf4 b4 12. Ne4 Bf5 13. Re1 Na6 14. Qd2 d5 15. Nc5
Nxc5 16. dxc5 b3 17. axb3 Nc7 18. Nd4 Bd7 19. Ra3 Ne6 20. Nxe6 Bxe6 21. b4 Rb8
22. Ra7 Re8 23. h4 Ra8 24. Ra3 Qc7 25. h5 Rab8 26. h6 Bh8 27. Qd4 Rb7 28. Bd2
f6 29. f4 fxe5 30. fxe5 Rf8 31. Rf3 Rxf3 32. Bxf3 Rb8 33. Bc3 Rf8 34. Bg2 Qb8
35. Rf1 Rxf1+ 36. Bxf1 Kf7 37. Kh2 g5 38. Bd3 Qg8 39. b5 cxb5 40. Qf2+ 1-0

[Event "4NCL/Div1/WGR2 vs. WGR1"]
[Site "Birmingham ENG"]
[Date "2005.10.23"]
[Round "2.7"]
[White "Tiller, Bjorn"]
[Black "Emms, John M"]
[Result "0-1"]
[WhiteElo "2346"]
[BlackElo "2502"]
[PlyCount "70"]
[EventDate "2005.10.23"]
[SourceDate "2005.10.25"]

1. e4 c5 2. d3 Nc6 3. f4 g6 4. Nf3 Bg7 5. g3 d6 6. Bg2 Nf6 7. O-O O-O 8. Nc3
Rb8 9. h3 b5 10. a3 a5 11. Be3 b4 12. axb4 axb4 13. Ne2 Bb7 14. b3 Ra8 15. Rb1
Ra2 16. Qd2 Nd7 17. g4 Qb6 18. Nc1 Ra5 19. h4 Nd4 20. h5 Nf6 21. h6 Bh8 22. Bh3
Nxf3+ 23. Rxf3 d5 24. exd5 Nxd5 25. Ne2 Nc3 26. Rbf1 Bxf3 27. Rxf3 Ra1+ 28. Rf1
Rxf1+ 29. Kxf1 Qa5 30. Nxc3 Bxc3 31. Qe2 e6 32. f5 exf5 33. gxf5 Qa1+ 34. Kg2
Qa8+ 35. Qf3 Bd4 0-1

[Event "4NCL/Div1/WGR2 vs. WGR1"]
[Site "Birmingham ENG"]
[Date "2005.10.23"]
[Round "2.8"]
[White "Cmilyte, Viktorija"]
[Black "Rechel, Bernd"]
[Result "1-0"]
[WhiteElo "2480"]
[BlackElo "2416"]
[PlyCount "83"]
[EventDate "2005.10.23"]
[SourceDate "2005.10.25"]

1. d4 Nf6 2. c4 g6 3. Nc3 Bg7 4. e4 d6 5. f3 O-O 6. Nge2 a6 7. Be3 c6 8. c5
Nbd7 9. Nc1 b6 10. cxb6 Nxb6 11. Bd3 Nbd7 12. O-O e5 13. N1e2 exd4 14. Nxd4 Ne5
15. Bf2 c5 16. Nde2 Rb8 17. Rb1 Bb7 18. Nf4 Re8 19. Be2 Qa5 20. Qxd6 Rbc8 21.
Qd1 Red8 22. Qc2 c4 23. Rbd1 g5 24. Nh3 g4 25. Nf4 Bh6 26. Bg3 Qb6+ 27. Kh1 Qe3
28. Nfd5 Nxd5 29. Nxd5 Bxd5 30. exd5 gxf3 31. Bxf3 Nd3 32. Bh5 f6 33. Bg4 Rc5
34. Be6+ Kg7 35. Qc3 Bg5 36. Rf3 Qe2 37. Rdf1 Ne5 38. R3f2 Qe3 39. Qxe3 Bxe3
40. Rxf6 Bd4 41. R6f5 Ng6 42. Rf7+ 1-0

[Event "4NCL/Div1/GUI2 vs. 3CS1"]
[Site "Birmingham ENG"]
[Date "2005.10.23"]
[Round "2.1"]
[White "Shaw, John K"]
[Black "Davies, Nigel R"]
[Result "1/2-1/2"]
[WhiteElo "2432"]
[BlackElo "2521"]
[PlyCount "32"]
[EventDate "2005.10.23"]
[SourceDate "2005.10.25"]

1. e4 g6 2. d4 Bg7 3. Nc3 d6 4. g3 Nc6 5. Be3 e5 6. dxe5 Nxe5 7. h3 Be6 8. f4
Nc4 9. Bd4 Nf6 10. Nd5 Nb6 11. Nxf6+ Bxf6 12. Nf3 Qe7 13. Bxf6 Qxf6 14. Qd4
Qxd4 15. Nxd4 Bd7 16. O-O-O O-O-O 1/2-1/2

[Event "4NCL/Div1/GUI2 vs. 3CS1"]
[Site "Birmingham ENG"]
[Date "2005.10.23"]
[Round "2.2"]
[White "Haslinger, Stewart"]
[Black "Wallace, John P"]
[Result "0-1"]
[WhiteElo "2426"]
[BlackElo "2392"]
[PlyCount "112"]
[EventDate "2005.10.23"]
[SourceDate "2005.10.25"]

1. e4 g6 2. d4 Bg7 3. Nf3 d6 4. Bc4 Nc6 5. O-O Nf6 6. Qe2 Bg4 7. Rd1 e5 8. c3
O-O 9. h3 Bxf3 10. Qxf3 exd4 11. cxd4 Nd7 12. Be3 Qh4 13. Nc3 Rae8 14. Qg4 Qd8
15. a3 Kh8 16. Qg3 Nf6 17. Bg5 Qc8 18. Qh4 Ng8 19. Be3 Nce7 20. f4 d5 21. Nxd5
Nxd5 22. Bxd5 c6 23. Bc4 Rxe4 24. Bf2 Qb8 25. Re1 Rxf4 26. Qg3 Nh6 27. Rad1 Nf5
28. Qb3 Nxd4 29. Qd3 Nf5 30. g3 Rxf2 31. Kxf2 Be5 32. g4 Nh4 33. Kg1 f5 34. g5
f4 35. Qe4 Bg7 36. Rd7 f3 37. Qxh4 f2+ 38. Kg2 fxe1=N+ 39. Qxe1 Qf4 40. Qe2 Be5
41. Rf7 Qh2+ 42. Kf1 Rxf7+ 43. Bxf7 Qxh3+ 44. Ke1 Bg3+ 45. Kd1 Qd7+ 46. Qd2
Qxd2+ 47. Kxd2 Bf4+ 48. Kc3 Bxg5 49. b4 Kg7 50. Be6 Kf6 51. Bc8 b6 52. Bb7 c5
53. bxc5 bxc5 54. Kc4 Ke5 55. a4 Be3 56. Kd3 Bg1 0-1

[Event "4NCL/Div1/GUI2 vs. 3CS1"]
[Site "Birmingham ENG"]
[Date "2005.10.23"]
[Round "2.3"]
[White "Buckley, Graeme"]
[Black "Gordon, Stephen J"]
[Result "1/2-1/2"]
[WhiteElo "2391"]
[BlackElo "2411"]
[PlyCount "90"]
[EventDate "2005.10.23"]
[SourceDate "2005.10.25"]

1. d4 Nf6 2. c4 e6 3. Nc3 Bb4 4. e3 c5 5. Bd3 Nc6 6. Nf3 Bxc3+ 7. bxc3 d6 8. e4
e5 9. h3 h6 10. Be3 Qc7 11. d5 Ne7 12. Nd2 Bd7 13. f4 exf4 14. Bxf4 Ng6 15. Bh2
O-O 16. O-O Rae8 17. Qe1 Ne5 18. Qg3 Nh7 19. Be2 Qa5 20. Rf2 f6 21. Qe3 Re7 22.
Nf3 Ng5 23. Bxe5 Nxf3+ 24. Bxf3 Rxe5 25. Rb1 {(=)} b6 26. Rc1 Qa4 27. Qd3 Bc8
28. Bd1 Qe8 29. Qg3 Rxe4 30. Qxd6 Rxc4 31. Re2 Re4 32. Rcc2 Ba6 33. Rxe4 Qxe4
34. Kh2 Bc4 35. Rd2 Qe3 36. Rb2 Qc1 37. Bg4 f5 38. Rf2 Qg5 39. Bxf5 Rd8 40.
Qe6+ Kh8 41. Qg6 Qxg6 42. Bxg6 Kg8 43. Bf5 g5 44. Be6+ Kg7 45. Kg3 Rf8 1/2-1/2

[Event "4NCL/Div1/GUI2 vs. 3CS1"]
[Site "Birmingham ENG"]
[Date "2005.10.23"]
[Round "2.4"]
[White "Ashton, Adam G"]
[Black "Ciuksyte, Dagne"]
[Result "0-1"]
[WhiteElo "2331"]
[BlackElo "2370"]
[PlyCount "104"]
[EventDate "2005.10.23"]
[SourceDate "2005.10.25"]

1. e4 c5 2. Nf3 e6 3. d4 cxd4 4. Nxd4 a6 5. Nc3 b5 6. Bd3 Qb6 7. Nf3 Nc6 8. O-O
d6 9. Qe2 Be7 10. Bd2 Nf6 11. a4 b4 12. Na2 O-O 13. a5 Qb7 14. c3 bxc3 15. Nxc3
Nb4 16. Bb1 Bd7 17. Bg5 h6 18. Bh4 Rfe8 19. e5 dxe5 20. Nxe5 Rad8 21. Nxd7 Rxd7
22. Ne4 Nbd5 23. Nxf6+ Bxf6 24. Bxf6 Nxf6 25. Bd3 Rd6 26. Rad1 Nd5 27. Be4 Red8
28. Rd2 Qb4 29. Bxd5 exd5 30. Ra1 d4 31. Qd3 Rd5 32. h3 Rxa5 33. Rc1 Rc5 34.
Rcd1 Qb7 35. Qe2 Rg5 36. g3 Rgd5 37. Qe4 Qd7 38. h4 d3 39. Qc4 a5 40. Qe4 Re8
41. Qf3 Rd8 42. Qe4 f5 43. Qf3 Rd4 44. Ra1 a4 45. Ra3 f4 46. Kh2 fxg3+ 47. fxg3
Qd6 48. Kg2 Rf8 49. Qe3 Qd5+ 50. Kg1 Re4 51. Raxd3 Qa8 52. Qc5 Re1+ 0-1

[Event "4NCL/Div1/GUI2 vs. 3CS1"]
[Site "Birmingham ENG"]
[Date "2005.10.23"]
[Round "2.5"]
[White "Povah, Nigel E"]
[Black "Longson, Alexander"]
[Result "1-0"]
[WhiteElo "2353"]
[BlackElo "2264"]
[PlyCount "87"]
[EventDate "2005.10.23"]
[SourceDate "2005.10.25"]

1. d4 d5 2. Bg5 h6 3. Bh4 c6 4. Nf3 Bf5 5. e3 Qb6 6. Qc1 Nd7 7. c4 e6 8. Nc3
Ngf6 9. c5 Qc7 10. Bg3 Qc8 11. b4 Nh5 12. Be5 f6 13. Bg3 Nxg3 14. hxg3 Be7 15.
Nh4 Bh7 16. Be2 Kf7 17. Qd1 g5 18. Nf3 Kg7 19. g4 a6 20. Bd3 f5 21. gxf5 exf5
22. Ne5 Nxe5 23. dxe5 Qc7 24. f4 a5 25. Ne2 axb4 26. Nd4 Qc8 27. Qc2 b3 28.
Nxb3 Rf8 29. g4 gxf4 30. exf4 Ra4 31. Qh2 Qe6 32. g5 h5 33. Qxh5 Bg6 34. Qh2 b6
35. Rc1 Rfa8 36. cxb6 c5 37. b7 Rb8 38. Nxc5 Bxc5 39. Rxc5 Qb6 40. Rc8 Qe3+ 41.
Be2 Bh5 42. Qxh5 Qg3+ 43. Kd1 Rd4+ 44. Kc2 1-0

[Event "4NCL/Div1/GUI2 vs. 3CS1"]
[Site "Birmingham ENG"]
[Date "2005.10.23"]
[Round "2.6"]
[White "Bentley, John L"]
[Black "Lalic, Susan"]
[Result "1/2-1/2"]
[WhiteElo "2244"]
[BlackElo "2356"]
[PlyCount "54"]
[EventDate "2005.10.23"]
[SourceDate "2005.10.25"]

1. d4 e6 2. c4 Bb4+ 3. Nc3 f5 4. g3 Nf6 5. Bg2 O-O 6. Nf3 Ne4 7. O-O Bxc3 8.
bxc3 Nxc3 9. Qc2 Ne4 10. d5 Na6 11. dxe6 dxe6 12. Ne5 Nac5 13. Rd1 Qf6 14. Bb2
Qh6 15. Rd4 a5 16. Rad1 Ra6 17. Rd8 Rd6 18. Rxf8+ Kxf8 19. Nd3 Bd7 20. Nxc5
Nxc5 21. Be5 Ba4 22. Bxd6+ cxd6 23. Qd2 Bxd1 24. Qxd6+ Kf7 25. Qxd1 Qf6 26. Qb1
Qc3 27. e4 g6 1/2-1/2

[Event "4NCL/Div1/GUI2 vs. 3CS1"]
[Site "Birmingham ENG"]
[Date "2005.10.23"]
[Round "2.7"]
[White "Cooksey, Paul S"]
[Black "Walton, Alan J"]
[Result "1/2-1/2"]
[WhiteElo "2253"]
[BlackElo "2197"]
[PlyCount "172"]
[EventDate "2005.10.23"]
[SourceDate "2005.10.25"]

1. d4 e6 2. Nf3 f5 3. c4 Nf6 4. g3 Be7 5. Bg2 O-O 6. O-O d6 7. b3 Qe8 8. Bb2
Qh5 9. e3 Nbd7 10. Nc3 c6 11. Rc1 e5 12. c5 e4 13. cxd6 Bxd6 14. Nd2 Qxd1 15.
Rcxd1 Nd5 16. Nc4 Bb4 17. Ne2 N7f6 18. Rc1 g5 19. Rc2 Be6 20. Bc1 Rfe8 21. a3
Bf8 22. Bd2 Bf7 23. b4 Nb6 24. Na5 Rab8 25. Bh3 Be6 {(=)} 26. Nc1 Nfd5 27. Ncb3
h5 28. Nc5 Bc8 29. Rb1 Bd6 30. a4 Kg7 31. Nab3 f4 32. Bxc8 Nxc8 33. b5 cxb5 34.
axb5 b6 35. Na4 Nce7 36. Rbc1 Rbc8 37. Nb2 fxe3 38. Bxe3 Nxe3 39. fxe3 Ba3 40.
Rxc8 Nxc8 41. Rc7+ Kf6 42. Nc4 Bb4 43. Kf2 h4 44. Rc6+ Kg7 45. Kg2 hxg3 46.
Kxg3 Ne7 47. Rc7 Kf6 48. Rxa7 Nf5+ 49. Kf2 Rh8 50. Kg1 Rh3 51. Nxb6 Nxe3 52.
Nd7+ Kf5 53. Ndc5 Nd5 54. Rd7 Nb6 55. Rf7+ Kg6 56. Rc7 e3 57. Nc1 Kf5 58. Ne2
Rh6 59. Kg2 Nd5 60. Rf7+ Kg4 61. Rg7 Rb6 62. h3+ Kf5 {(=)} 63. Kf3 Rxb5 64. Ne4
Ra5 65. Rxg5+ Ke6 66. Re5+ Kf7 67. h4 Be1 68. h5 Nf6 69. Nd6+ Kg7 70. Nf5+ Kf7
71. h6 Bb4 72. Nf4 Ra3 73. Rb5 Bf8 74. Rb7+ Kg8 75. Rb8 Kf7 76. Rb7+ Kg8 77.
Ne6 Ra5 78. Nxe3 Bxh6 79. Nc4 Rf5+ 80. Ke2 Nd5 {(=)} 81. Kd3 Rf6 82. Nc5 Bg7
83. Ne5 Rf1 84. Ne4 Rd1+ 85. Kc4 Ne3+ 86. Kc5 Bxe5 1/2-1/2

[Event "4NCL/Div1/GUI2 vs. 3CS1"]
[Site "Birmingham ENG"]
[Date "2005.10.23"]
[Round "2.8"]
[White "Martin, Katie"]
[Black "Anderton, Matthew N"]
[Result "0-1"]
[WhiteElo "1956"]
[BlackElo "2205"]
[PlyCount "112"]
[EventDate "2005.10.23"]
[SourceDate "2005.10.25"]

1. e4 e6 2. d4 d5 3. Nd2 Nf6 4. e5 Nfd7 5. Bd3 c5 6. c3 Nc6 7. Ne2 cxd4 8. cxd4
f6 9. exf6 Nxf6 10. O-O Bd6 11. Nf3 O-O 12. Bf4 Bxf4 13. Nxf4 Ne4 14. Nh5 g6
15. Ng3 Nxg3 16. hxg3 Qb6 17. Qa4 a6 18. Qb3 Qxb3 19. axb3 Bd7 20. Rfe1 Rad8
21. Re3 Nb4 22. Rae1 Rc8 23. Ne5 Be8 24. Nf3 Bd7 25. Ne5 Be8 26. Nf3 Bf7 27.
Ne5 Rfd8 28. Bb1 Rd6 29. R3e2 Be8 30. Ng4 Bb5 31. Re3 Kg7 32. Rc3 Rdc6 33. Rec1
Nd3 34. Bxd3 Bxd3 35. Ne5 Rxc3 36. bxc3 Bb5 37. c4 a5 38. c5 Bc6 39. Nxc6 Rxc6
40. Ra1 Ra6 41. Ra4 Kf7 42. f4 b5 43. Ra3 a4 44. b4 h5 45. Kf2 Kf6 46. Kf3 Kf5
47. Ke2 Ke4 48. Kd2 Kxd4 49. Rc3 a3 50. c6 a2 51. c7 Ra8 52. Rc1 Rc8 53. Ra1
Rxc7 54. Rxa2 Rc3 55. Ra6 Rxg3 56. Rxe6 Rxg2+ 0-1

[Event "4NCL/Div1/SLOS1 vs. BET"]
[Site "Birmingham ENG"]
[Date "2005.10.23"]
[Round "2.1"]
[White "Navara, David"]
[Black "Ledger, Andrew J"]
[Result "1-0"]
[WhiteElo "2646"]
[BlackElo "2438"]
[PlyCount "101"]
[EventDate "2005.10.23"]
[SourceDate "2005.10.25"]

1. d4 d5 2. c4 c6 3. Nc3 Nf6 4. Nf3 dxc4 5. a4 Bf5 6. Ne5 Nbd7 7. Nxc4 Nb6 8.
Ne5 a5 9. f3 Nfd7 10. Nxd7 Bxd7 11. e4 e6 12. Be3 Bb4 13. Be2 O-O 14. O-O Qe7
15. Na2 Bd6 16. Qb3 Bc7 17. Rac1 Rab8 18. Rfd1 Nc8 19. Nc3 f5 20. Kh1 Kh8 21.
Rf1 Rd8 22. Bd3 Qd6 23. g3 Qf8 24. Ne2 Bd6 25. Bf4 b5 26. axb5 cxb5 27. e5 a4
28. Qa2 Bb4 29. d5 Qe8 30. Bg5 Be7 31. Bxe7 Nxe7 32. dxe6 Bxe6 33. Qxe6 Rxd3
34. Nf4 Rd2 35. Rc7 Ng6 36. Qxf5 Nxf4 37. gxf4 Rbd8 38. Rxg7 Kxg7 39. Qf6+ Kg8
40. Rg1+ Qg6 41. Rxg6+ hxg6 42. Qxg6+ Kh8 43. Qh6+ Kg8 44. f5 R8d7 45. e6 Rd1+
46. Kg2 Rg7+ 47. Kf2 Rgg1 48. Qh4 Rde1 49. Qd8+ Kh7 50. Qd7+ Kh6 51. Qxb5 1-0

[Event "4NCL/Div1/SLOS1 vs. BET"]
[Site "Birmingham ENG"]
[Date "2005.10.23"]
[Round "2.2"]
[White "Ansell, Simon"]
[Black "Wojtaszek, Radoslaw"]
[Result "0-1"]
[WhiteElo "2383"]
[BlackElo "2606"]
[PlyCount "132"]
[EventDate "2005.10.23"]
[SourceDate "2005.10.25"]

1. e4 c5 2. Nf3 d6 3. c3 Nf6 4. Be2 Bg4 5. h3 Bh5 6. d3 e6 7. Nbd2 Be7 8. Nf1
h6 9. Ng3 Bg6 10. e5 Nd5 11. Ne4 dxe5 12. Nxe5 Bh7 13. Qa4+ Nd7 14. Bh5 g6 15.
Nxd7 Qxd7 16. Qxd7+ Kxd7 17. Bf3 g5 18. a3 Rac8 19. c4 Nf4 20. Bxf4 gxf4 21.
O-O-O Kc7 22. d4 cxd4 23. Rxd4 Rcd8 24. Rxd8 Rxd8 25. Rd1 Rxd1+ 26. Kxd1 f5 27.
Nc3 a6 28. Ne2 e5 29. Bd5 Bc5 30. f3 a5 31. Nc1 b6 32. Nd3 Bd4 33. b4 Kd6 34.
Kc2 Bg6 35. Kb3 Be3 36. Nb2 e4 37. Nd1 Bd2 38. Nc3 Ke5 39. Ne2 Be8 40. Kc2 Be1
41. Kb3 Bd7 42. Bb7 Be6 43. Ba6 Bd7 44. Bb7 b5 45. bxa5 Bxa5 46. Bd5 bxc4+ 47.
Kxc4 Bc8 48. Kb5 Be1 49. Bc6 Be6 50. a4 Bb3 51. a5 Bf2 52. a6 Ba7 53. g3 Bd1
54. gxf4+ Ke6 55. Nc3 e3 56. Bd5+ Kd6 57. Bc4 Bxf3 58. Be2 Bxe2+ 59. Nxe2 Kd5
60. Kb4 Ke4 61. Kc3 h5 62. h4 Kf3 63. Kd3 Kg4 64. Nc3 Kxf4 65. Ke2 Kg3 66. Nb5
f4 0-1